TWICE all songs (July 2025 update) - Statistics

General Stats
  • This quiz has been taken 1,194 times
    442 since last reset
  • The average score is 104 of 227
Answer Stats
Hint Answer % Correct
What is Love? What is Love?
95%
1st English Single The Feels
93%
FANCY YOU FANCY
92%
YES or YES YES or YES
91%
MORE & MORE MORE & MORE
90%
SIGNAL SIGNAL
90%
STRATEGY Strategy
90%
THE STORY BEGINS Like OOH- AHH
89%
Formula of Love: O+T=<3 CANDY
87%
THIS IS FOR THIS IS FOR
87%
Feel Special Feel Special
85%
TWICEcoaster : LANE 1 TT
85%
Summer Nights Dance The Night Away
84%
PAGE TWO CHEER UP
83%
Doughnut Doughnut
83%
Formula of Love: O+T=<3 SCIENTIST
83%
Eyes wide open I CAN'T STOP ME
82%
Taste of Love Alcohol-Free
80%
DIVE DIVE
80%
Hare Hare Hare Hare
80%
twicetagram LIKEY
80%
Perfect World Perfect World
80%
Candy Pop Candy Pop
79%
THIS IS FOR TALK
79%
Formula of Love: O+T=<3 MOONLIGHT
78%
BDZ BDZ
77%
Kura Kura Kura Kura
76%
READY TO BE SET ME FREE
75%
BETWEEN 1&2 Talk that Talk
75%
Celebrate Celebrate
73%
Pre-Release English Single (READY TO BE) MOONLIGHT SUNRISE
73%
BETTER BETTER
71%
TWICEcoaster : LANE 2 KNOCK KNOCK
71%
Wake Me Up Wake Me Up
71%
With YOU-th ONE SPARK
70%
Merry & Happy Heart Shaker
68%
Masterpiece(MISAMO) Do not touch
67%
Pre-Release English Single
(With YOU-th)
I GOT YOU
67%
THIS IS FOR MARS
67%
Merry & Happy Merry & Happy
67%
One More Time One more time
67%
Digital Single CRY FOR ME
66%
BDZ L.O.V.E
63%
Formula of Love: O+T=<3 HELLO
62%
Eyes wide open QUEEN
62%
THIS IS FOR FOUR
60%
Formula of Love: O+T=<3 1, 3, 2
55%
BETWEEN 1&2 Basics
55%
Eyes wide open GO HARD
55%
FANCY YOU STRAWBERRY
55%
Japan 5th Single Breakthrough
54%
What is Love? HO!
54%
THIS IS FOR BATTITUDE
53%
With YOU-th BLOOM
53%
BETWEEN 1&2 Queen of hearts
53%
READY TO BE WALLFLOWER
53%
THE STORY BEGINS Do it again
52%
Feel Special LOVE FOOLISH
52%
THIS IS FOR OPTIONS
52%
PAGE TWO Touchdown
52%
Feel Special 21:29
51%
Formula of Love: O+T=<3 ESPRESSO
51%
twicetagram LOOK AT ME
51%
TWICEcoaster : LANE 1 ONE IN A MILLION
51%
Formula of Love: O+T=<3 CACTUS
50%
&TWICE Fake & True
50%
THIS IS FOR HEARTBREAK AVENUE
50%
Formula of Love: O+T=<3 ICON
50%
Formula of Love: O+T=<3 LAST WALTZ
50%
Formula of Love: O+T=<3 REWIND
50%
Eyes wide open SAY SOMETHING
50%
twicetagram TURTLE
50%
Eyes wide open UP NO MORE
50%
The year of "YES" The Best Thing I Ever Did
49%
HAUTE COUTURE(MISAMO) Identity
49%
Formula of Love: O+T=<3 PUSH & PULL
49%
With YOU-th RUSH
49%
BETWEEN 1&2 When We Were Kids
49%
STRATEGY Like It Like It
48%
THIS IS FOR RIGHT HAND GIRL
48%
Taste of Love Baby Blue Love
47%
SIGNAL EYE EYE EYES
47%
Formula of Love: O+T=<3 F.I.L.A(Fall In Love Again)
47%
MORE & MORE FIREWORK
47%
BETWEEN 1&2 Gone
47%
Eyes wide open HELL IN HEAVEN
47%
Masterpiece(MISAMO) Marshmallow
47%
What is Love? STUCK
47%
FANCY YOU HOT
46%
TWICEcoaster : LANE 2 ICE CREAM
46%
With YOU-th NEW NEW
46%
MORE & MORE OXYGEN
46%
THIS IS FOR PEACH GELATO
46%
Eyes wide open BEHIND THE MASK
45%
THE STORY BEGINS Candy boy
45%
Feel Special GET LOUD
45%
Japan 4th Single HAPPY HAPPY
45%
THIS IS FOR HI HELLO
45%
THE STORY BEGINS Like a fool
45%
STRATEGY Magical
45%
BETWEEN 1&2 Brave
44%
READY TO BE CRAZY STUPID LOVE
44%
THIS IS FOR G.O.A.T.
44%
Taste of Love Scandal
44%
THIS IS FOR SEESAW
44%
With YOU-th YOU GET ME
44%
Formula of Love: O+T=<3 CRUEL
43%
THIS IS FOR DAT AHH DAT OOH
43%
FANCY YOU GIRLS LIKE US
43%
TWICEcoaster : LANE 1 JELLY JELLY
43%
STRATEGY Kiss My Troubles Away
43%
Feel Special RAINBOW
43%
Taste of Love SOS
43%
FANCY YOU STUCK IN MY HEAD
43%
THE STORY BEGINS Truth
42%
READY TO BE BLAME IT ON ME
41%
Summer Nights CHILLAX
41%
Japan 6th Single Fanfare
41%
MORE & MORE SWEET SUMMER DAY
41%
BETWEEN 1&2 Trouble
41%
PAGE TWO My Head phones On
40%
THIS IS FOR LET LOVE GO
40%
HAUTE COUTURE(MISAMO) NEW LOOK
40%
STRATEGY Keeper
39%
MORE & MORE MAKE ME GO
39%
STRATEGY Sweetest Obsession
39%
TWICEcoaster : LANE 1 1 TO 10
38%
READY TO BE GOT THE THRILLS
38%
YES or YES LALALA
38%
TWICEcoaster : LANE 1 PONYTAIL
38%
MORE & MORE SHADOW
38%
What is Love? SWEETTALKER
38%
Feel Special TRICK IT
38%
FANCY YOU TURN IT UP
38%
Taste of Love Conversation
37%
PAGE TWO Precious love
37%
twicetagram JALJAYO GOOD NIGHT
37%
Eyes wide open SHOT CLOCK
37%
twicetagram 24/7
36%
Eyes wide open BELIEVER
36%
Japanesedigital single (MISAMO) Bouquet
36%
MORE & MORE DON'T CALL ME AGAIN
36%
Eyes wide open HANDLE IT
36%
Formula of Love: O+T=<3 REAL YOU
36%
twicetagram ROLLIN'
36%
Kura Kura Strawberry Moon
36%
Digital single The wish
36%
twicetagram FFW
35%
DIVE Peach Soda
35%
What is Love? SAY YES
35%
Summer Nights Shot thru the heart
35%
DIVE Beyond the Horizon
34%
Candy Pop BRAND NEW GIRL
34%
Eyes wide open BRING IT BACK
34%
SIGNAL THREE TIMES A DAY
34%
Taste of Love First Time
34%
THE STORY BEGINS Going crazy
34%
YES or YES SUNSET
34%
PAGE TWO Tuk Tok
34%
What is Love? DEJAVU
33%
Eyes wide open DEPEND ON YOU
33%
Masterpiece(MISAMO) Funny valentine
33%
PAGE TWO I'm gonna be a star
33%
HAUTE COUTURE(MISAMO) Misty
33%
SIGNAL ONLY YOU
33%
PAGE TWO Woohoo
33%
YES or YES AFTER MOON
32%
Eyes wide open DO WHAT WE LIKE
32%
TWICEcoaster : LANE 1 PIT-A-PAT
32%
Hare Hare Catch a Wave
31%
Japan Digital Single Dance Again
31%
twicetagram DING DONG
31%
Perfect World Good at Love
31%
twicetagram LOVE LINE
31%
HAUTE COUTURE(MISAMO) Money In My Pocket
31%
TWICEcoaster : LANE 1 NEXT PAGE
31%
BETTER Scorpion
31%
Doughnut Wonderful Day
31%
One More Time LUV ME
30%
twicetagram MISSING U
30%
&TWICE POLISH
30%
YES or YES SAY YOU LOVE ME
30%
SIGNAL SOMEONE LIKE ME
30%
Perfect World Thank you Family
30%
twicetagram YOU IN MY HEART
30%
YES or YES YOUNG & WILD
30%
BDZ Be as ONE
29%
DIVE Ocean Deep
29%
Celebrate Sandcastle
29%
twicetagram DON'T GIVE UP
28%
DIVE Here I am
28%
SIGNAL HOLD ME TIGHT
28%
Wake Me Up Pink lemonade
28%
HAUTE COUTURE(MISAMO) RUNWAY
28%
&TWICE -Repackage- SWING
28%
twicetagram WOW
28%
Masterpiece(MISAMO) Behind the curtain
27%
HAUTE COUTURE(MISAMO) Mirage
27%
Masterpiece(MISAMO) Rewind you
27%
BDZ Wishing
27%
Perfect World Four-leaf Clover
26%
DIVE LOVE WARNING
26%
Perfect World PROMISE
26%
&TWICE Be OK
25%
DIVE Inside of me
25%
&TWICE Stronger
25%
Celebrate Voices of delight
25%
BDZ I WANT YOU BACK
24%
Celebrate TICK TOCK
24%
&TWICE What You Waiting For
24%
Celebrate Bitter Sweet
23%
&TWICE Changing!
23%
Perfect World In the summer
23%
Masterpiece(MISAMO) It's not easy for you
23%
Celebrate Just be yourself
23%
BDZ -Repackage- Stay by my side
23%
HAUTE COUTURE(MISAMO) Wah Wah Wah
23%
DIVE Echoes of heart
22%
Celebrate Flow like waves
22%
Perfect World PIECES OF LOVE
22%
&TWICE The Reason Why
22%
&TWICE How u doin'
20%
HAUTE COUTURE(MISAMO) Jealousy
20%
HAUTE COUTURE(MISAMO) Baby, I'm good
19%
HAUTE COUTURE(MISAMO) Daydream
19%
BDZ Say it again
19%
Celebrate That's all I'm saying
18%
No matching quizzes found
Score Distribution
Percent of People with Each Score
Percentile by Number Answered
Your Score History
You have not taken this quiz since the last reset